Catálogo
 En Linea

Facetas del desarrollo de la industria nacional. / (Registro nro. 42420)

Detalles MARC
000 -CABECERA
campo de control de longitud fija 00519nam a2200145 a 4500
001 - NÚMERO DE CONTROL
campo de control 000042931
005 - FECHA Y HORA DE LA ÚLTIMA TRANSACCIÓN
campo de control 20201002040516.0
008 - DATOS DE LONGITUD FIJA--INFORMACIÓN GENERAL
campo de control de longitud fija 140213s197u dr 000 0 spa d
040 ## - FUENTE DE LA CATALOGACIÓN
Centro catalogador/agencia de origen DO-SdBNP
Lengua de catalogación spa
Centro/agencia transcriptor BNPHU
100 1# - ENTRADA PRINCIPAL--NOMBRE DE PERSONA
Nombre de persona Jourdain Heredia, Luis Emilio
9 (RLIN) 55991
245 10 - MENCIÓN DE TÍTULO
Título Facetas del desarrollo de la industria nacional. /
Mención de responsabilidad, etc. Luis Emilio Jourdain Heredia; prólogo, Quirilio Vilorio Sánchez.
260 ## - PUBLICACIÓN, DISTRIBUCIÓN, ETC.
Lugar de publicación, distribución, etc. Santo Domingo :
Nombre del editor, distribuidor, etc. [s.d.],
Fecha de publicación, distribución, etc. 197?
300 ## - DESCRIPCIÓN FÍSICA
Extensión 83 p ;
Dimensiones 21 cm.
700 1# - PUNTO DE ACCESO ADICIONAL--NOMBRE DE PERSONA
Nombre de persona Vilorio Sánchez, Quirilio
Término indicativo de función/relación prol.
9 (RLIN) 70410
Existencias
Estado de retiro Estado de pérdida No para préstamo Código de colección Localización permanente Ubicación/localización actual Ubicación en estantería Fecha de adquisición Número de inventario Total de préstamos Signatura topográfica completa Código de barras Fecha visto por última vez Precio válido a partir de Tipo de ítem Koha
    Excluido de préstamo Patrimonio Dominicano General General En catalogación 13.02.2014 LF1   42931-10 25.06.2020 25.06.2020 Libro y Folleto Colección Patrimonio Dominicano

Con tecnología Koha